| 000 | 00342nam a2200133Ia 4500 | ||
|---|---|---|---|
| 008 | 220204s9999 xx 000 0 und d | ||
| 082 |
_a663.1 _bONI |
||
| 100 | _aOnions, A H S | ||
| 245 | 0 | _aSmith's introduction to industrial mycology | |
| 250 | _aEd.7 | ||
| 260 |
_aLondon _bArnold _c1981 |
||
| 650 | _aIndustrial microbiology | ||
| 942 | _cBK | ||
| 999 |
_c36714 _d36714 |
||